000 00853nam a22001577a 4500
003 OSt
005 20230313170245.0
008 151117b xxu||||| |||| 00| 0 eng d
040 _cRUA
082 _aFOR
_2KHO 2013 B143 Or.1
100 _93769
_aKHOEN, VANTHA.
245 _astudy on the vulnerability and adaptation to the impact of climate change in cheung tuek commune, kompongleav district, preyveng province (ការសិក្សាពីភាពងាយរងគ្រោះនិងការបន្សំារបស់ប្រជាជន ទៅនឹង ការប្រែប្រួលអាកាសធាតុ នៅក្នុងឃុំជើងទឹក ស្រុកកំពង់លាវ ខេត្តព្រៃវែង)
260 _aPhnom Penh
_bRUA
_c2013
300 _ax, 38p.
_bill.
_c29cm.
942 _2ddc
_cFOR
999 _c3506
_d3506